| 000 | 00435nam a22001457a 4500 | ||
|---|---|---|---|
| 005 | 20180111100621.0 | ||
| 008 | 180111b xxu||||| |||| 00| 0 eng d | ||
| 040 | _cPK-LaUMT | ||
| 082 |
_aPKAC 297.07 _bSUL-A |
||
| 100 | _aSuleman Muhammad Abdul Qadir | ||
| 245 |
_aAl-Tarbiyat ul Islamia(التربیۃ الاسلامۃ) _cSuleman Muhammad Abdul Qadir |
||
| 260 |
_aدبئی: _bمطبعۃ دبی _c[ ] |
||
| 300 | _a183 | ||
| 942 | _cBK | ||
| 999 |
_c101479 _d101479 |
||